| 000 | 00609cam a22002173a 4500 | ||
|---|---|---|---|
| 001 | 45240 | ||
| 003 | PGUSA | ||
| 005 | 20140828084033.0 | ||
| 008 | 140328s2014||||xxu|||||s|||||000 | eng d | ||
| 040 |
_aPGUSA _beng |
||
| 042 | _adc | ||
| 100 | 1 | _aHanson, Joseph Mills | |
| 245 | 1 | 0 |
_aFrontier Ballads _h[electronic resource] / _cJoseph Mills Hanson |
| 260 |
_bProject Gutenberg, _c2014 |
||
| 506 | _aPublic domain in the USA. | ||
| 516 | _aElectronic text | ||
| 700 | 1 |
_aDixon, Maynard, _d1875-1946 |
|
| 830 | 0 |
_aProject Gutenberg _v45240 |
|
| 856 | 4 | 0 | _uhttp://www.gutenberg.org/ebooks/45240 |
| 942 | _cEB | ||
| 999 |
_c274491 _d274491 |
||